[Event "23. Memorial Kochana"]
[Site "Koszalin"]
[Date "2012.08.15"]
[Round "6.4"]
[White "Adamowicz, Katarzyna"]
[Black "Rawicz, Karol"]
[Result "0-1"]
[WhiteElo "2114"]
[BlackElo "2261"]
[PlyCount "88"]
[EventDate "2012.??.??"]

1. e4 c5 2. Nf3 d6 3. d4 cxd4 4. Nxd4 Nf6 5. Nc3 g6 6. Be2 Bg7 7. O-O O-O 8.
Re1 a6 9. Bf1 b5 10. Bg5 Bb7 11. a3 Nbd7 12. Kh1 Rc8 13. f3 Qb6 14. Nb3 Rfd8
15. Qd2 Ne5 16. Rad1 d5 17. Bxf6 dxe4 18. Qf4 Bxf6 19. Rxd8+ Rxd8 20. Nxe4 Bxe4
21. Qxe4 Qf2 22. Rb1 h5 23. h3 g5 24. c3 Ng6 25. Qe1 Qb6 26. Nd2 Be5 27. Ne4
Bb8 28. g3 h4 29. f4 gxf4 30. gxh4 Ba7 31. Bg2 Qe3 32. Qf1 f3 33. Qxf3 Qxf3 34.
Bxf3 Nxh4 35. Be2 f5 36. Ng3 Rd2 37. Bf1 Rf2 38. Ne2 Be3 39. Nd4 e5 40. Ne2 Kf7
41. Rd1 Ke6 42. b3 e4 43. c4 bxc4 44. bxc4 Nf3 0-1

[Event "23. Memorial Kochana"]
[Site "Koszalin"]
[Date "2012.08.15"]
[Round "6.5"]
[White "Kudas, Damian"]
[Black "Tiba, Vladyslav"]
[Result "0-1"]
[WhiteElo "2098"]
[BlackElo "2192"]
[PlyCount "67"]
[EventDate "2012.??.??"]

1. d4 d5 2. Nf3 Nf6 3. c4 dxc4 4. Nc3 c5 5. e3 cxd4 6. exd4 e6 7. Bxc4 a6 8. a4
Nc6 9. O-O Be7 10. Bg5 O-O 11. Re1 Nb4 12. Qe2 Re8 13. Rad1 Bd7 14. Ne5 Rc8 15.
Bb3 Rc7 16. Qf3 Bc6 17. Qh3 Bd5 18. Nxd5 Nfxd5 19. Nxf7 Kxf7 20. Qxe6+ Kf8 21.
Bd2 Qd7 22. Qe4 Nf6 23. Qf3 Nc2 24. Re6 Nxd4 25. Rxf6+ Bxf6 26. Bb4+ Re7 27.
Qh5 Qe8 28. Qa5 Rcd7 29. Rxd4 Rxd4 30. Bc5 Qd8 31. Qe1 b6 32. Ba3 Rd3 33. Bxe7+
Qxe7 34. g3 0-1

[Event "23. Memorial Kochana"]
[Site "Koszalin"]
[Date "2012.08.15"]
[Round "6.6"]
[White "Jacek, Krystian"]
[Black "Adamowicz, Maciej"]
[Result "1/2-1/2"]
[WhiteElo "2071"]
[BlackElo "1969"]
[PlyCount "31"]
[EventDate "2012.??.??"]

1. g3 g6 2. Bg2 Bg7 3. d3 c5 4. Nf3 Nc6 5. Nbd2 Nf6 6. O-O O-O 7. e4 Rb8 8. c3
b6 9. Re1 Bb7 10. d4 cxd4 11. cxd4 d6 12. d5 Nb4 13. Qb3 Na6 14. Qa3 Nc5 15.
Rb1 a5 16. h3 1/2-1/2

[Event "23. Memorial Kochana"]
[Site "Koszalin"]
[Date "2012.08.15"]
[Round "6.7"]
[White "Sokolowski, Ryszard"]
[Black "Watorek, Marcin"]
[Result "0-1"]
[WhiteElo "2132"]
[BlackElo "2154"]
[PlyCount "75"]
[EventDate "2012.??.??"]

1. d4 d5 2. Bg5 Nf6 3. Bxf6 exf6 4. e3 Be6 5. Bd3 c5 6. c3 Nc6 7. Nd2 Bd6 8.
Qf3 Qd7 9. h3 O-O 10. g4 Rfe8 11. Ne2 Rac8 12. Rg1 b5 13. h4 b4 14. h5 h6 15.
Kf1 bxc3 16. bxc3 cxd4 17. exd4 Ne7 18. Re1 Qa4 19. Bb1 Qb5 20. Kg2 Qb2 21. Nf1
Bd7 22. Qd3 f5 23. Ne3 Bb5 24. Qd1 f4 25. Nf1 Bxe2 26. Rxe2 Qxc3 27. Nh2 Nc6
28. Rd2 Na5 29. Rc2 Qa3 30. Nf3 Rc3 31. Re1 Rxe1 32. Nxe1 Nc4 33. Nf3 Rd3 34.
Qe2 Bf8 35. g5 hxg5 36. Nxg5 Rxd4 37. Qg4 f3+ 38. Qxf3 0-1

[Event "23. Memorial Kochana - B"]
[Site "Koszalin"]
[Date "2012.08.15"]
[Round "6.1"]
[White "Darowicki, Mariusz"]
[Black "Bartoszewicz, Marcin"]
[Result "1/2-1/2"]
[WhiteElo "1856"]
[BlackElo "1908"]
[PlyCount "72"]
[EventDate "2012.??.??"]

1. e4 c5 2. Nf3 Nc6 3. d4 cxd4 4. Nxd4 Nf6 5. Nc3 g6 6. Be3 d6 7. f3 Bg7 8. Qd2
O-O 9. O-O-O d5 10. exd5 Nxd5 11. Nxc6 bxc6 12. Bd4 Be6 13. Bxg7 Kxg7 14. Bc4
Qc7 15. Bxd5 cxd5 16. Nxd5 Bxd5 17. Qxd5 Rfc8 18. Rd2 e6 19. Qd4+ Kg8 20. h4
Qa5 21. a3 Rc5 22. Rhd1 e5 23. Qd6 Kg7 24. g4 Rac8 25. Kb1 R8c6 26. Qe7 Rb6 27.
Rd3 Qb5 28. b3 Rb7 29. Rd7 Qc4 30. Qxc5 Rxb3+ 31. cxb3 Qxc5 32. Rb7 Qe3 33.
Rdd7 Qe1+ 34. Kb2 Qe2+ 35. Kb1 Qe1+ 36. Kb2 Qe2+ 1/2-1/2

[Event "23. Memorial Kochana - B"]
[Site "Koszalin"]
[Date "2012.08.15"]
[Round "6.2"]
[White "Tarczykowski, Janusz"]
[Black "Osinski, Kamil"]
[Result "1-0"]
[WhiteElo "1988"]
[BlackElo "1713"]
[PlyCount "85"]
[EventDate "2012.??.??"]

1. d4 c5 2. d5 e6 3. c4 exd5 4. cxd5 d6 5. e4 g6 6. Nc3 Bg7 7. Bd3 Nf6 8. h3
O-O 9. Nf3 a6 10. a4 Qc7 11. Nd2 Nbd7 12. Nc4 Ne5 13. Nxe5 dxe5 14. Qe2 Nh5 15.
Bc4 Bd7 16. O-O Qd6 17. Re1 Rae8 18. Qd1 Nf4 19. Bf1 g5 20. Re3 h5 21. g3 Qg6
22. Kh2 g4 23. h4 Qf6 24. Qc2 Ng6 25. Rd3 Nxh4 26. gxh4 Qxh4+ 27. Kg1 f5 28.
Rg3 f4 29. Rg2 g3 30. fxg3 fxg3 31. Be3 Bh3 32. d6 Bxg2 33. Qxg2 Rf3 34. Bxc5
Ref8 35. Bc4+ Kh8 36. Rf1 Rxf1+ 37. Bxf1 Qh2+ 38. Qxh2 gxh2+ 39. Kxh2 Rxf1 40.
d7 Bf6 41. Nd5 Bd8 42. Be7 Ba5 43. b4 1-0

[Event "23. Memorial Kochana - B"]
[Site "Koszalin"]
[Date "2012.08.15"]
[Round "6.3"]
[White "Koszowski, Krystian"]
[Black "Czernicki, Bogdan"]
[Result "1/2-1/2"]
[WhiteElo "1677"]
[BlackElo "1850"]
[PlyCount "64"]
[EventDate "2012.??.??"]

1. e4 e6 2. Nf3 d5 3. exd5 exd5 4. d4 Bd6 5. Nc3 c6 6. h3 Bf5 7. Bd3 Bxd3 8.
Qxd3 Ne7 9. O-O O-O 10. Ng5 Ng6 11. h4 h6 12. Nxf7 Rxf7 13. Qxg6 Rf6 14. Qg4
Nd7 15. Re1 Nf8 16. h5 Qc7 17. g3 Qf7 18. Re2 Kh7 19. Bd2 Rf5 20. Rae1 Rxh5 21.
Bf4 Bxf4 22. Re7 Qg6 23. Qxf4 Rf5 24. Qc7 Kg8 25. Ne2 Re8 26. Nf4 Rxe7 27. Rxe7
Qg5 28. Re8 Rf7 29. Qd6 Qf5 30. Kg2 g5 31. Qg6+ Qxg6 32. Nxg6 Kg7 1/2-1/2

[Event "23. Memorial Kochana - B"]
[Site "Koszalin"]
[Date "2012.08.15"]
[Round "6.4"]
[White "Pilat, Wieslaw"]
[Black "Osinski, Emil"]
[Result "1/2-1/2"]
[WhiteElo "1899"]
[BlackElo "1839"]
[PlyCount "74"]
[EventDate "2012.??.??"]

1. e4 c5 2. f4 e6 3. Nf3 a6 4. d4 cxd4 5. Nxd4 Qc7 6. Be3 Nf6 7. Nd2 b5 8. Be2
Bb7 9. Bf3 Nc6 10. c3 Rc8 11. O-O d6 12. f5 e5 13. N4b3 Na5 14. Nxa5 Qxa5 15.
a4 b4 16. c4 Be7 17. b3 h6 18. Qe2 Nd7 19. Qf2 Nc5 20. h4 Qd8 21. g3 a5 22.
Rad1 O-O 23. Kh2 Bc6 24. Bxc5 dxc5 25. Rfe1 Qd3 26. Re3 Qc2 27. Kg2 Rcd8 28.
Nf1 Qxf2+ 29. Kxf2 Rxd1 30. Bxd1 Rd8 31. Ke2 Rd4 32. Bc2 g5 33. fxg6 fxg6 34.
Nd2 Bd7 35. Rd3 Bg4+ 36. Ke3 Rxd3+ 37. Kxd3 Kf7 1/2-1/2

[Event "23. Memorial Kochana - B"]
[Site "Koszalin"]
[Date "2012.08.15"]
[Round "6.5"]
[White "Karwowski, Kacper"]
[Black "Przerwa, Waldemar"]
[Result "1-0"]
[WhiteElo "1864"]
[BlackElo "1807"]
[PlyCount "89"]
[EventDate "2012.??.??"]

1. e4 c6 2. d4 d5 3. exd5 cxd5 4. c4 Nf6 5. Nc3 e6 6. Nf3 Bb4 7. Bd3 Nc6 8. O-O
h6 9. c5 b6 10. Nb5 bxc5 11. a3 Ba5 12. dxc5 Bc7 13. Nxc7+ Qxc7 14. b4 Ne5 15.
Bf4 Nxf3+ 16. Qxf3 Qb7 17. b5 Kf8 18. Bd6+ Kg8 19. a4 Qd7 20. Qg3 Ne8 21. Bb8
Qe7 22. a5 a6 23. b6 Qb7 24. Ba7 Qc6 25. Bc2 Bb7 26. Rfc1 Qc8 27. c6 Qxc6 28.
Bh7+ Rxh7 29. Rxc6 Bxc6 30. Rc1 Bb7 31. h3 g5 32. Qa3 f6 33. h4 Rd7 34. hxg5
hxg5 35. Qe3 e5 36. Qh3 Rad8 37. Bb8 Re7 38. Bc7 Rdd7 39. f3 Kg7 40. Kf2 Nxc7
41. bxc7 Rxc7 42. Rh1 Kf7 43. Qf5 e4 44. Rh6 exf3 45. Rxf6+ 1-0

[Event "23. Memorial Kochana - B"]
[Site "Koszalin"]
[Date "2012.08.15"]
[Round "6.6"]
[White "Januszkiewicz, Wojciech"]
[Black "Lisinski, Henryk"]
[Result "1-0"]
[WhiteElo "1766"]
[BlackElo "1976"]
[PlyCount "73"]
[EventDate "2012.??.??"]

1. e4 c5 2. Nf3 d6 3. d4 cxd4 4. Nxd4 Nf6 5. Nc3 a6 6. Bg5 Nbd7 7. Bc4 Qa5 8.
Qd2 e6 9. O-O-O b5 10. Bb3 b4 11. Nd5 Nxe4 12. Qxb4 Qc5 13. Qxc5 Ndxc5 14. Nc7+
Kd7 15. Nxa8 Nxg5 16. Nb6+ Kc7 17. Nxc8 Kxc8 18. f3 h6 19. Rhe1 Kc7 20. Bc4 d5
21. Bf1 Bd6 22. g3 e5 23. h4 exd4 24. hxg5 Ne6 25. gxh6 Rxh6 26. f4 g5 27. fxg5
Nxg5 28. Bg2 Bxg3 29. Rh1 Rg6 30. Bxd5 f5 31. Rxd4 f4 32. Rc4+ Kd7 33. Rc3 Rd6
34. Bf3 Bf2 35. Bg4+ Ke7 36. Rc7+ Kd8 37. Rg7 1-0

[Event "23. Memorial Kochana - B"]
[Site "Koszalin"]
[Date "2012.08.15"]
[Round "6.7"]
[White "Szmidt, Przemyslaw"]
[Black "Czaplewska, Klara"]
[Result "0-1"]
[WhiteElo "1936"]
[BlackElo "1747"]
[PlyCount "98"]
[EventDate "2012.??.??"]

1. e4 e5 2. Nf3 Nc6 3. Bb5 a6 4. Ba4 Nf6 5. Qe2 Be7 6. c3 d6 7. h3 b5 8. Bb3
Na5 9. Bc2 c5 10. O-O O-O 11. d3 Nc6 12. Re1 h6 13. Nbd2 Nh7 14. Nf1 f5 15.
exf5 Bxf5 16. Ng3 Bd7 17. d4 exd4 18. Qd3 Nf6 19. Bxh6 Qe8 20. Bg5 c4 21. Qd2
d3 22. Bd1 Qf7 23. Nh4 Rae8 24. f4 Bd8 25. Bf3 Ne7 26. f5 d5 27. Bxf6 Qxf6 28.
Ng6 Nxg6 29. Bxd5+ Kh8 30. Rxe8 Rxe8 31. fxg6 Qxg6 32. Qf4 Bg5 33. Qc7 d2 34.
Qxd7 Re1+ 35. Kh2 Bf4 36. Qd8+ Qe8 37. Qxe8+ Rxe8 38. Bf3 Re1 39. Rd1 g5 40.
Bg4 Kg7 41. h4 gxh4 42. Kh3 hxg3 43. Bf3 Kf6 44. Kg4 Ke5 45. Kh5 Rxd1 46. Bxd1
Ke4 47. Kg4 Ke3 48. a4 Bc7 49. axb5 axb5 0-1

[Event "23. Memorial Kochana - B"]
[Site "Koszalin"]
[Date "2012.08.15"]
[Round "6.12"]
[White "Lebiedowicz, Borys"]
[Black "Trembowiecka-wysota, Aleksandra"]
[Result "1-0"]
[WhiteElo "1730"]
[BlackElo "1417"]
[PlyCount "77"]
[EventDate "2012.??.??"]

1. e4 c5 2. Nf3 d6 3. d4 cxd4 4. Qxd4 Nc6 5. Bb5 Bd7 6. Bxc6 Bxc6 7. Nc3 Nf6 8.
Bg5 e6 9. O-O-O Be7 10. Rhe1 e5 11. Qd3 Qc7 12. Bxf6 gxf6 13. Nh4 O-O-O 14. Nf5
Kb8 15. Qc4 Bf8 16. Kb1 Rg8 17. g3 Rd7 18. Qe2 h6 19. Qe3 Rh8 20. Ka1 Qa5 21.
Nd5 Bxd5 22. Rxd5 Qc7 23. Qd2 Qc6 24. Rd1 a6 25. Kb1 Kc7 26. f3 h5 27. Qa5+ Kb8
28. Qa3 Kc7 29. c4 b6 30. Qxa6 Kd8 31. c5 Kc7 32. cxb6+ Kb8 33. Rc1 Qb7 34. Qa4
Bh6 35. Rc7 Rxc7 36. bxc7+ Qxc7 37. Qb4+ Kc8 38. Nxd6+ Qxd6 39. Rxd6 1-0

[Event "23. Memorial Kochana - B"]
[Site "Koszalin"]
[Date "2012.08.15"]
[Round "6.14"]
[White "Bregoszewski, Leon"]
[Black "Fronczak, Sebastian"]
[Result "0-1"]
[WhiteElo "1685"]
[BlackElo "1747"]
[PlyCount "66"]
[EventDate "2012.??.??"]

1. d4 c5 2. e3 cxd4 3. exd4 g6 4. f4 Bg7 5. Nf3 Nf6 6. Bd3 O-O 7. O-O d5 8.
Nbd2 Nc6 9. c3 Qc7 10. Ne5 Nd7 11. Ndf3 f6 12. Nxd7 Bxd7 13. Bd2 e5 14. fxe5
fxe5 15. dxe5 Nxe5 16. Be2 Ng4 17. g3 Bc6 18. Nd4 Nf6 19. Bf4 Qb6 20. Qb3 Qc5
21. Bf3 Ne4 22. Bxe4 Bxd4+ 23. Kg2 Bg7 24. Rad1 Rad8 25. Bf3 Kh8 26. Rd2 Rd7
27. Rfd1 g5 28. Bxg5 Rxf3 29. Kxf3 d4+ 30. Kg4 h5+ 31. Kh4 Qf5 32. h3 Bf6 33.
g4 Bxg5+ 0-1

[Event "23. Memorial Kochana - B"]
[Site "Koszalin"]
[Date "2012.08.15"]
[Round "6.16"]
[White "Leszczewska, Edyta"]
[Black "Czarnolewski, Piotr"]
[Result "0-1"]
[WhiteElo "1398"]
[BlackElo "1795"]
[PlyCount "86"]
[EventDate "2012.??.??"]

1. e4 c5 2. Nc3 Nc6 3. f4 g6 4. Nf3 Bg7 5. Bc4 e6 6. d3 Nge7 7. O-O O-O 8. Bd2
a6 9. a4 b6 10. Qe1 d5 11. Bb3 d4 12. Ne2 Bb7 13. Qg3 Qc7 14. Qg4 b5 15. axb5
axb5 16. Qg5 h6 17. Qxc5 Qd7 18. Qxb5 Rfb8 19. Rxa8 Rxa8 20. Ba4 Nc8 21. e5
N8e7 22. Nfxd4 Qc8 23. Qc4 Nxd4 24. Qxd4 Nf5 25. Qb4 Bf8 26. Qb3 Bc5+ 27. Kh1
Nh4 28. d4 Bxg2+ 29. Kg1 Bxf1 30. Kxf1 Be7 31. c4 Rb8 32. Qa2 Qb7 33. d5 Qa7
34. h3 Ra8 35. b3 Nf5 36. Qc2 exd5 37. cxd5 Bh4 38. Nd4 Qxd4 39. Bc1 Ng3+ 40.
Ke1 Qg1+ 41. Kd2 Qd4+ 42. Qd3 Qxf4+ 43. Kd1 Qxe5 0-1

[Event "23. Memorial Kochana - B"]
[Site "Koszalin"]
[Date "2012.08.15"]
[Round "6.17"]
[White "Dura, Damian"]
[Black "Wasilewski, Leszek"]
[Result "0-1"]
[WhiteElo "1617"]
[BlackElo "1353"]
[PlyCount "50"]
[EventDate "2012.??.??"]

1. e4 c6 2. d4 d5 3. e5 Bf5 4. Be3 e6 5. Bd3 Ne7 6. Nf3 h6 7. c3 Qb6 8. b3 Nd7
9. O-O g5 10. Qc2 Bg4 11. Nfd2 Rc8 12. c4 Qd8 13. c5 Nf5 14. Nc3 Rg8 15. h3
Bxh3 16. gxh3 g4 17. Bxf5 gxh3+ 18. Kh1 exf5 19. Qxf5 Qh4 20. e6 Kd8 21. Qxf7
Nf6 22. Nf3 Qg4 23. Ne1 h2 24. f3 Qh3 25. Rf2 Rg1# 0-1

[Event "23. Memorial Kochana - B"]
[Site "Koszalin"]
[Date "2012.08.15"]
[Round "6.18"]
[White "Cwirko, Mateusz"]
[Black "Dabrowski, Damian"]
[Result "1/2-1/2"]
[WhiteElo "1436"]
[BlackElo "1543"]
[PlyCount "75"]
[EventDate "2012.??.??"]

1. d4 d5 2. c4 e5 3. dxe5 d4 4. Nf3 Nc6 5. e3 Bg4 6. Be2 Bb4+ 7. Kf1 d3 8. Qxd3
Qxd3 9. Bxd3 Bxf3 10. gxf3 Nxe5 11. Be2 O-O-O 12. a3 Be7 13. Nc3 Bf6 14. Nd5 c6
15. Nb4 a5 16. f4 axb4 17. fxe5 Bxe5 18. axb4 Ne7 19. Kg2 Kc7 20. Rd1 Rxd1 21.
Bxd1 Rd8 22. Be2 Rd6 23. f4 Rg6+ 24. Kf2 Bf6 25. Ra5 Rh6 26. Rh5 Rxh5 27. Bxh5
g6 28. Bg4 b5 29. b3 Bc3 30. Ba3 f5 31. Be2 Kb6 32. h4 h5 33. Bd3 Bf6 34. Kg3
Bc3 35. Kf3 Be1 36. Bb2 Bxh4 37. Bd4+ Ka6 38. Bc5 1/2-1/2

[Event "23. Memorial Kochana"]
[Site "Koszalin"]
[Date "2012.08.16"]
[Round "7.1"]
[White "Rawicz, Karol"]
[Black "Shishkin, Vadim"]
[Result "0-1"]
[WhiteElo "2261"]
[BlackElo "2485"]
[PlyCount "100"]
[EventDate "2012.??.??"]

1. Nf3 Nf6 2. c4 g6 3. Nc3 Bg7 4. e4 O-O 5. d4 d6 6. h3 Nbd7 7. Be3 e5 8. d5
Nc5 9. Nd2 a5 10. a3 Ne8 11. g4 f5 12. g5 Na6 13. Nf3 f4 14. Bd2 Nc5 15. b3 c6
16. Qc2 Nc7 17. Rb1 cxd5 18. cxd5 Bd7 19. h4 Qe7 20. b4 axb4 21. axb4 Na4 22.
b5 Nc5 23. b6 N7a6 24. Bh3 Nb8 25. Ke2 Bxh3 26. Rxh3 Nbd7 27. h5 Rfc8 28. Rb4
Qd8 29. hxg6 hxg6 30. Rh1 Ra6 31. Rhb1 Nxb6 32. Qd1 Nbd7 33. Qf1 Nf8 34. Qh3
Qd7 35. Qh4 Qe7 36. Qg4 Rca8 37. R1b2 Qd7 38. Qxd7 Nfxd7 39. Nb5 Rc8 40. Rc2
Bf8 41. Rbb2 Be7 42. Bb4 Kf7 43. Rb1 Rh8 44. Bxc5 Nxc5 45. Nxe5+ dxe5 46. d6
Ne6 47. dxe7 Kxe7 48. Rcb2 Rh3 49. Kd2 Nxg5 50. Nc3 Rd6+ 0-1

[Event "23. Memorial Kochana"]
[Site "Koszalin"]
[Date "2012.08.16"]
[Round "7.2"]
[White "Malaniuk, Vladimir P"]
[Black "Tiba, Vladyslav"]
[Result "1-0"]
[WhiteElo "2523"]
[BlackElo "2192"]
[PlyCount "109"]
[EventDate "2012.??.??"]

1. d4 d5 2. c4 dxc4 3. Nf3 Nf6 4. e3 e6 5. Bxc4 c5 6. O-O a6 7. dxc5 Bxc5 8.
Qxd8+ Kxd8 9. Nbd2 Ke7 10. Be2 Nbd7 11. Rd1 b6 12. Ne1 Bb7 13. Nd3 Bd6 14. Nc4
Bc7 15. Bd2 a5 16. Na3 Rac8 17. Nb5 Bb8 18. b4 Ne4 19. Be1 a4 20. Rac1 Ba6 21.
Nb2 a3 22. Na4 Rxc1 23. Rxc1 Be5 24. f3 Nef6 25. e4 Ra8 26. Bf2 Ne8 27. Bf1 f5
28. exf5 exf5 29. Re1 Kf6 30. Rd1 Bc8 31. Nac3 Kf7 32. Bc4+ Kf8 33. Be6 Ndf6
34. Rd8 Bb7 35. Rxa8 Bxa8 36. Bxf5 Nd6 37. Be6 Ke7 38. Bb3 Nxb5 39. Nxb5 Bd5
40. Nxa3 Bxb3 41. axb3 Nd5 42. Nc4 Bc7 43. b5 Kd7 44. Bd4 g6 45. Kf2 Ke6 46. g3
Kd7 47. Ke2 h5 48. Kd3 Ke6 49. Ke4 Bd8 50. f4 Bc7 51. Kf3 Bd8 52. Ke4 Bc7 53.
h3 Bd8 54. g4 hxg4 55. hxg4 1-0

[Event "23. Memorial Kochana"]
[Site "Koszalin"]
[Date "2012.08.16"]
[Round "7.3"]
[White "Weichhold, Pawel"]
[Black "Sieciechowicz, Marcin"]
[Result "1/2-1/2"]
[WhiteElo "2365"]
[BlackElo "2441"]
[PlyCount "144"]
[EventDate "2012.??.??"]

1. e4 e6 2. d4 d5 3. Nd2 c5 4. exd5 Qxd5 5. Ngf3 cxd4 6. Bc4 Qd6 7. O-O Nf6 8.
Nb3 Nc6 9. Nbxd4 Nxd4 10. Nxd4 Bd7 11. c3 Be7 12. Qf3 Qc7 13. Bb3 O-O 14. Bg5
Nd5 15. Bd2 Bd6 16. Bxd5 exd5 17. h3 Rad8 18. Rfe1 Qc4 19. Bf4 Bxf4 20. Qxf4
Rfe8 21. a3 Qc5 22. Qd2 Qd6 23. Rxe8+ Rxe8 24. Re1 Rxe1+ 25. Qxe1 f6 26. Qd2
Kf7 27. Nc2 Qe5 28. f3 Bf5 29. Ne3 Be6 30. Kf2 a6 31. Nf1 Qf5 32. Ng3 Qb1 33.
Ne2 g5 34. Nd4 Bd7 35. Nb3 Qf5 36. Nc5 Bc6 37. Qd3 Qxd3 38. Nxd3 h5 39. g3 Ke6
40. h4 b6 41. Ke3 Bb5 42. Nb4 a5 43. Nc2 Bd7 44. Kd4 Kd6 45. Ne3 Be6 46. f4
gxh4 47. gxh4 a4 48. f5 Bf7 49. Ng2 Kc6 50. Nf4 Kd6 51. Nd3 Kc6 52. Nc1 Kd6 53.
b4 axb3 54. Nxb3 Be8 55. Nc1 Bb5 56. Na2 Be8 57. Nb4 Bf7 58. Nd3 Kc6 59. Nf4
Kd6 60. Ng6 Be8 61. Nf8 Bf7 62. Ng6 Be8 63. Nf4 Bf7 64. Nd3 Be8 65. Nf2 Bf7 66.
Nd1 Be8 67. Nb2 Bb5 68. Nd1 Be8 69. Ne3 Bd7 70. Nf1 Kc6 71. Ne3 Be8 72. Nd1 Kd6

[Event "23. Memorial Kochana"]
[Site "Koszalin"]
[Date "2012.08.16"]
[Round "7.4"]
[White "Ovsejevitsch, Sergei"]
[Black "Jacek, Krystian"]
[Result "1-0"]
[WhiteElo "2561"]
[BlackElo "2071"]
[PlyCount "222"]
[EventDate "2012.??.??"]

1. d4 Nf6 2. c4 g6 3. Nc3 Bg7 4. e4 d6 5. Nf3 O-O 6. Be2 e5 7. O-O Na6 8. Re1
Qe8 9. Bg5 h6 10. Bxf6 Bxf6 11. c5 Bg7 12. Bxa6 bxa6 13. Nd5 Qd8 14. dxe5 dxe5
15. Qa4 Bg4 16. Re3 Rb8 17. b3 Rb5 18. Rc1 c6 19. Qxa6 Bd7 20. Nc3 Ra5 21. Qe2
Qb8 22. Na4 Be6 23. Nd2 h5 24. Nc4 Rb5 25. Rd3 Rb4 26. Nd6 Bh6 27. Rcd1 Bg4 28.
f3 Be6 29. Nb2 a5 30. Na4 Qa7 31. Nb6 Rb8 32. Kh1 a4 33. Nxa4 Rxa4 34. bxa4
Qxc5 35. Qe1 Rb2 36. Rc3 Qb4 37. Rxc6 Qxa4 38. Rc7 Qxa2 39. Ra1 Re2 40. Qc3 Bd2
41. Qxe5 Bf4 42. Qc3 Bd2 43. Qe5 Bf4 44. Qc3 Bd2 45. Qd4 Be3 46. Qd1 Rd2 47.
Qc1 Qb3 48. Rc3 Qb6 49. Rb1 Qxd6 50. Rxe3 Bh3 51. e5 Bxg2+ 52. Kg1 Qd8 53. Rb8
Qxb8 54. Qxd2 Bh3 55. Kf2 Be6 56. h4 Kh7 57. Qd4 Qb1 58. Re1 Qc2+ 59. Kg3 Qf5
60. Qf4 Qd3 61. Qe4 Qd2 62. Qe3 Qb2 63. Rd1 Qb5 64. Rc1 Qa6 65. Qe4 Qb6 66. Re1
Qc5 67. Qe3 Qb5 68. Rc1 Qa6 69. Rb1 Qc4 70. Ra1 Qb5 71. Kf4 Qb4+ 72. Kg3 Qb5
73. Qd4 Qe2 74. Rb1 Qa6 75. Qe3 Qc4 76. Qe4 Qc5 77. Rd1 Qb6 78. Qd4 Qb5 79. Kf4
Qe2 80. Rc1 Qh2+ 81. Ke3 Qa2 82. Qb4 Qd5 83. Rc5 Qd1 84. Kf2 Qh1 85. Qf4 Qb1
86. Rc1 Qb2+ 87. Kg3 Qb6 88. Qd2 Qb5 89. Kf4 Qb3 90. Ra1 Qc4+ 91. Kg5 Qc8 92.
Kf6 Qf8 93. Qd6 Qh6 94. Qd4 Qf8 95. Ra6 Qh8+ 96. Ke7 Qc8 97. Ra7 Kg7 98. Kd6
Qb8+ 99. Kc6 Qc8+ 100. Kb6 Qc2 101. Ra3 Qb1+ 102. Kc7 Qc2+ 103. Qc3 Qd1 104.
Ra8 Qd7+ 105. Kb6 Qd5 106. Rb8 Qd1 107. f4 Kh7 108. Qc5 Qd2 109. Qf8 Qb2+ 110.
Kc7 Qc3+ 111. Kd8 Ba2 1-0

[Event "23. Memorial Kochana"]
[Site "Koszalin"]
[Date "2012.08.16"]
[Round "7.5"]
[White "Watorek, Marcin"]
[Black "Mielczarski, Miroslaw"]
[Result "0-1"]
[WhiteElo "2154"]
[BlackElo "2238"]
[PlyCount "78"]
[EventDate "2012.??.??"]

1. d4 d5 2. c4 e6 3. Nc3 Nf6 4. Bg5 c6 5. Nf3 h6 6. Bxf6 Qxf6 7. e3 g6 8. Bd3
Bg7 9. O-O O-O 10. h3 Nd7 11. cxd5 exd5 12. b4 Nb6 13. Rc1 a6 14. a4 Nc4 15.
Bxc4 dxc4 16. b5 cxb5 17. axb5 axb5 18. Nxb5 Qc6 19. Nc3 b5 20. e4 Kh7 21. d5
Qc5 22. Re1 b4 23. Ne2 Bd7 24. e5 c3 25. Qd4 Rfc8 26. Qh4 Kg8 27. Nf4 b3 28. e6
Be8 29. Ne5 b2 30. exf7+ Bxf7 31. Nexg6 bxc1=Q 32. Rxc1 Bxg6 33. Nxg6 Re8 34.
Nf4 Qe7 35. Qg4 Qg5 36. Qf3 Rf8 37. g3 Rxf4 38. Qxf4 Qxf4 39. gxf4 Rd8 0-1

[Event "23. Memorial Kochana"]
[Site "Koszalin"]
[Date "2012.08.16"]
[Round "7.6"]
[White "Adamowicz, Maciej"]
[Black "Kudas, Damian"]
[Result "1-0"]
[WhiteElo "1969"]
[BlackElo "2098"]
[PlyCount "119"]
[EventDate "2012.??.??"]

1. e4 c5 2. Nf3 d6 3. d4 cxd4 4. Qxd4 Nc6 5. Bb5 Bd7 6. Bxc6 Bxc6 7. Nc3 Nf6 8.
Bg5 e6 9. O-O-O Be7 10. Rhe1 O-O 11. Qd2 Qa5 12. Kb1 Kh8 13. Nd4 Rfc8 14. f3
Rab8 15. g4 b5 16. h4 b4 17. Nce2 Qc7 18. h5 a5 19. Rh1 a4 20. Bxf6 gxf6 21.
Nf4 b3 22. cxb3 axb3 23. a3 Be8 24. Ng6+ Kg8 25. Nxe7+ Qxe7 26. Rc1 Rc5 27. Rc3
Ba4 28. Rhc1 Qc7 29. Qd3 Qb6 30. h6 Rbc8 31. Rxc5 dxc5 32. Qc4 Bd7 33. Nxb3 Rb8
34. Rc3 Rc8 35. Nxc5 Bb5 36. Qd4 Qd8 37. Qxd8+ Rxd8 38. a4 Be2 39. a5 Kf8 40.
b4 Ke7 41. Kc2 Rb8 42. a6 Kd6 43. Kd2 Bb5 44. Nb7+ Kd7 45. Ke3 Ra8 46. Ra3 Ra7
47. Nc5+ Kc6 48. Kd4 Be2 49. Ke3 Bc4 50. Ra5 Kb6 51. f4 Re7 52. a7 Rxa7 53.
Rxa7 Kxa7 54. Nd7 f5 55. gxf5 exf5 56. Nf6 fxe4 57. Nxh7 Be6 58. Nf6 Bf5 59. h7
Bxh7 60. Nxh7 1-0

[Event "23. Memorial Kochana"]
[Site "Koszalin"]
[Date "2012.08.16"]
[Round "7.7"]
[White "Sokolowski, Ryszard"]
[Black "Adamowicz, Katarzyna"]
[Result "1/2-1/2"]
[WhiteElo "2132"]
[BlackElo "2114"]
[PlyCount "69"]
[EventDate "2012.??.??"]

1. Nf3 Nf6 2. g3 b6 3. Bg2 Bb7 4. O-O e6 5. c4 Be7 6. Nc3 O-O 7. Re1 d5 8. cxd5
exd5 9. d4 Nbd7 10. Bf4 c5 11. Rc1 a6 12. dxc5 bxc5 13. Qb3 Qb6 14. Qc2 Rac8
15. Nh4 g6 16. b3 d4 17. Na4 Qb5 18. Bxb7 Qxb7 19. Nf3 Nd5 20. Bg5 Bd6 21. Nd2
Rfe8 22. Ne4 Bf8 23. f3 f5 24. Nf2 N7b6 25. Nxb6 Qxb6 26. Qc4 Qe6 27. Nd3 Nc3
28. Qxe6+ Rxe6 29. Rc2 a5 30. Bd2 Bg7 31. Nb2 Rxe2 32. Rxe2 Nxe2+ 33. Kf1 Nc3
34. Bxc3 dxc3 35. Nc4 1/2-1/2

[Event "23. Memorial Kochana - B"]
[Site "Koszalin"]
[Date "2012.08.16"]
[Round "7.1"]
[White "Tarczykowski, Janusz"]
[Black "Darowicki, Mariusz"]
[Result "1-0"]
[WhiteElo "1988"]
[BlackElo "1856"]
[PlyCount "49"]
[EventDate "2012.??.??"]

1. d4 Nf6 2. c4 e6 3. Nc3 Bb4 4. Qc2 b6 5. e4 Bb7 6. Bd3 d5 7. cxd5 exd5 8. e5
Ne4 9. Nge2 Nd7 10. O-O Nxc3 11. bxc3 Be7 12. e6 Nf6 13. exf7+ Kxf7 14. Bg5 Ne4
15. Bf4 Bd6 16. f3 Nf6 17. Bg5 c5 18. f4 c4 19. Bxh7 Rxh7 20. Bxf6 Qh8 21. Be5
Be7 22. Qf5+ Ke8 23. h3 Bc8 24. Qg6+ Kd8 25. Qc6 1-0

[Event "23. Memorial Kochana - B"]
[Site "Koszalin"]
[Date "2012.08.16"]
[Round "7.2"]
[White "Bartoszewicz, Marcin"]
[Black "Koszowski, Krystian"]
[Result "1-0"]
[WhiteElo "1908"]
[BlackElo "1677"]
[PlyCount "83"]
[EventDate "2012.??.??"]

1. e4 e5 2. Nf3 Nc6 3. Bb5 Nf6 4. O-O Be7 5. Re1 a6 6. Bxc6 dxc6 7. Nxe5 O-O 8.
d3 Re8 9. Nf3 Bg4 10. Be3 c5 11. Nbd2 b5 12. h3 Bh5 13. g4 Bg6 14. Ne5 Qd6 15.
f4 Qe6 16. Nef3 Nxg4 17. hxg4 Qxg4+ 18. Kf1 Qh3+ 19. Ke2 c4 20. Rg1 Bb4 21. Qf1
Qd7 22. Kf2 Rad8 23. Ne5 Rxe5 24. fxe5 Bxd2 25. Bxd2 Bxe4 26. dxe4 Qxd2+ 27.
Qe2 Qf4+ 28. Ke1 Qh4+ 29. Kf1 Qf4+ 30. Qf2 Qxe5 31. Re1 Rd6 32. Rg3 Qxb2 33.
Rf3 Rd7 34. e5 Qb4 35. e6 fxe6 36. Rxe6 h6 37. Qe2 Qc5 38. Rxa6 Qg5 39. Qe6+
Kh7 40. Qxd7 Qc1+ 41. Kg2 Qxc2+ 42. Kh3 1-0

[Event "23. Memorial Kochana - B"]
[Site "Koszalin"]
[Date "2012.08.16"]
[Round "7.3"]
[White "Czernicki, Bogdan"]
[Black "Karwowski, Kacper"]
[Result "1/2-1/2"]
[WhiteElo "1850"]
[BlackElo "1864"]
[PlyCount "59"]
[EventDate "2012.??.??"]

1. d4 Nf6 2. Nf3 c5 3. e3 e6 4. a3 b6 5. Bd3 Bb7 6. O-O Be7 7. c3 O-O 8. Nbd2
d5 9. Ne5 Nbd7 10. Ndf3 Ne4 11. Nxd7 Qxd7 12. Ne5 Qd6 13. f3 f6 14. Ng4 Ng5 15.
f4 Nf7 16. Qc2 f5 17. Ne5 Nxe5 18. fxe5 Qc6 19. Bd2 Qe8 20. Rf2 Qh5 21. Be2 Qh6
22. Raf1 Bg5 23. Rf3 cxd4 24. cxd4 Rfc8 25. Qb3 Rc7 26. Rh3 Qg6 27. Bh5 Qh6 28.
Be2 Qg6 29. Bh5 Qh6 30. Be2 1/2-1/2